000 00302nam a2200109 4500
999 _c10707
_d10707
008 180918b ||||| |||| 00| 0 eng d
245 _aLGBT community pushes for anti-discrimination law.
260 _aDavao City
_bSun Star Davao
_cc2017
300 _apage 4.
650 0 _937127
_aLaw.
942 _2ddc
_cPER